00789nam a22001577a 4500020002400000082001800024100004000042245004400082250000900126260003300135300001000168650029400178942000700472999001900479952013300498 a9788126528950 (pbk) a338.1 CRA/AG aCramer, Gail L.aJensen, Clarence W aAgricultural Economics And Agribusiness aVIII aNew DelhibWiley Indiac2011 a519p. aFarm and food systemaConsumer behavior and demandaProducer decision makingaCompetition and the marketaMacro economicsaNatural resourcesaRural developmentaInternational economicsaAgricultural price and income policiesaFinancial picture of agricultureaGlobal food demand and supply cBK c295507d295507 00104070aKAUCOAPbKAUCOAPcGENd2013-07-22l2o338.1 CRA/AGpKAU_COAP-08864r2021-03-29 00:00:00s2020-08-24w2013-07-22yBK